000 00284nam a2200133Ia 4500
100 _aPalay M.
942 _cBK
654 _aMetal cutting .
245 _aMetal cutting tool production.
260 _bMir publishers
_c2001
082 _a621.902
300 _a531
546 _aENGLISH
999 _c21973
_d21973